000 00472nam a2200145Ia 4500
008 220325s9999||||xx |||||||||||||| ||und||
020 _a978-979-075-987-9
084 _a1128-0033 SUS Gov Bo
100 _aA.B. Susanto
245 0 _aReinvensi Pembangunan Ekonomi Daerah: Bagaimana Membangun Kesejahteraan Daerah
260 _aJakarta
_bEsensi
_c2010
300 _ai-xv + 292 hlm
650 _aGovernment (Pemerintahan)
_eG-O-V
_yMembangun Kesejahteraan Daerah
942 _cBK
999 _c18362
_d18362